000 01097nam a22003137a 4500
001 BR8105709
003 BR-BrBNA
005 20230928091045.0
007 ta
008 230509b bl.||||| |||| 00| 0 por d
040 _aBR-BrBNA
_bpor
_cBiblioteca Nacional de Agricultura
041 _a(Por)
072 _aL30; L10
_b5240
_b1910
_b1930
_b/G514
090 _ 5240 BR8105709
100 1 _aRodrigues, F.E.
110 1 _aUniversidade Federal do Rio Grande do Sul, Porto Alegre (Brasil). Faculdade de Agronomia
_0Dissertacao (Mestrado)
245 1 _aEfeito do plano de nutricao, de periodos de lactacao e da estacionalidade no intervalo parto-cio em bovinos ideal [pastagem natural, azevem, Rio Grande do Sul, Brasil]
260 3 _aPorto Alegre, RS (Brasil):
_c1981.
300 _a97 p.
500 _a21 tables; Bibliography p. 71-77 (70 ref.); Summaries (Eng, Por)
650 _aLACTACAO
650 _aOVINO
650 _aPASTAGEM NATURAL
650 _aAZEVEM
650 _aGRAMINEA FORRAGEIRA
650 _aRIO GRANDE DO SUL
909 _a202309
_bLucia
_c55
_dLucia Elande
942 _cBK
999 _c31984
_d31984